Statistics for The Ultimate Sports History Quiz

Click here to take the quiz!

General Stats

  • This quiz has been taken 44 times
  • The average score is 54 of 123

Answer Stats

YearHintAnswer% Correct
1903This cycling events takes place for the first time, covering a total distance of 2482 kilometersTour de France
83%
1900This german football club, one of the biggest in the world, is founded onBayern München
80%
1904This governing body of international football is founded in ParisFIFA
77%
1914This baseball legend makes his debut for the Boston Red SoxBabe Ruth
74%
2010For the first time, the FIFA world cup is held on this continentAfrica
71%
1906The "Reds" from this english city win their second titleLiverpool
71%
1909The record in this long distance running discipline was broken twice in three monthsMarathon
69%
1922A british expedition attempts the first ascent of this mountain. 7 people dieMount Everest
69%
2019At age 43 this golf icon wins his first major title in 11 yearsTiger Woods
69%
1930What nation won the first FIFA World Cup?Uruguay
69%
1973This martial arts icon dies in HongkongBruce Lee
66%
1910This country wins the first Five Nations tournament in rugby historyEngland
66%
1996This boxer bites off a piece of Evander Holyfield's earMike Tyson
66%
2021The Olympic Summer Games "2020" take place in this cityTokyo
66%
2014At the world cup in their own country, Brazil loses 7:1 to this nationGermany
63%
2005This American cyclist wins his 7th Tour de France in a rowLance Armstrong
63%
2022This player finally adds a World Cup trophy to his 7 Ballon d'OrsLionel Messi
63%
2008This US athlete becomes the most decorated olympian of all timeMichael Phelps
63%
1913Pierre de Coubertin designs this famous FlagOlympic flag
63%
2015In women's tennis, ______ ______ wins all grand slam titles except the the US OpenSerena Williams
63%
1980The U.S. defeats this superpower in a politically charged hockey gameSoviet Union
63%
2009This man sets a new world record at the 100m dash at 9.58 secondsUsain Bolt
63%
2003Roger Federer wins his first Grand Slam title at this legendary tournamentWimbledon
63%
1917How many teams played at the beginning of the first NHL season?4
60%
1934The Yomiuri Giants of Tokyo, are officially founded, as first professional japanese club in this sportBaseball
60%
2012This Country beats the World Record for men's 4x100mJamaica
60%
2020This global sports icon dies in a helicopter crashKobe Bryant
60%
1925This New York team joins the NFL. They won 4 Super Bowls between 1986 and 2011New York Giants
60%
1970This brazilian football sensation, nicknamed "o rei"/"the king" wins his third world cupPelé
60%
1969Bill Russell wins his __th and last NBA Championship. A record that was never broken.11
57%
1908This Illinois baseball team wins the World Series. It will be their last for 108 yearsChicago Cubs
57%
1911The inaugural race of this prestigious american motorsports event takes placeIndy 500
57%
1936This man wins 4 gold medals at the Berlin OlympicsJesse Owens
57%
2018The first team to win 100 points in a Premier League seasonManchester City
57%
1995After almost two years playing baseball, this sports icon returns to the NBAMichael Jordan
57%
1956This Spanish football club becomes the first European Cup championReal Madrid
57%
1946The newly founded 49ers and the relocated Rams become the first professional sports teams in this U.S. StateCalifornia
54%
2013This irish fighter nicknamed "The notorious" makes his UFC debutConor McGregor
54%
1986"The hand of god" goalscorerDiego Maradona
54%
1991Magic Johnson is diagnosed with thisHIV
54%
1975Muhammad Ali faces Joe Frazier in the "Thrilla in _____"Manila
54%
1949The inaugural season of this professional stock car racingNASCAR Strictly Stock
54%
1979This athlete, known as "The Great One" scores his first NHL goalWayne Gretzky
54%
1997Craig MacTavish is the last NHL player not to wear thisHelmet
51%
2016With the odds of 5000–1, this team wins the Premier LeagueLeicester City
51%
1976Romanian gymnast Nadia Comăneci is recognized to be the first to score thisPerfect 10
51%
1966England win their only World Cup whilst scoring a controversial goal in this stadiumWembley
51%
1983The Narendra Modi Stadium, the highest capacity stadium in the world, is built for this sportCricket
49%
1974Who lost to Muhammad Ali in the boxing match known as the "Rumble in the jungle"?George Foreman
49%
1960This NBA team moved from Minnesota to CaliforniaLakers
49%
197211 Israeli athletes are killed during the Olympics in this cityMunich
49%
1954_____ beats Cambridge in the 100th Boat RaceOxford
49%
1918After World War I, this pandemic prevents the sports world from returning to its old glorySpanish flu
49%
1905After fatal injuries in college football, this US President calls upon the game's authorities to reform itTheodore Roosevelt
49%
2000With the 199. Pick in the 2000 NFL draft, the New England Patriots select ___ ____Tom Brady
49%
1992Football: The European Cup changed its name to thisUEFA Champions League
49%
1978The Amateur Boxing Championships are held in Belgrade, capital city of this former countryYugoslavia
49%
1933This club wins its 5th Serie A titleJuventus
46%
1923Opening of this legendary stadium nicknamed "The Cathedral of Baseball"Yankee Stadium
46%
1944In the most lopsided game in NHL history, the Detroit Red Wings beat the Rangers __-015
43%
1943The New York Yankees win the World Series against this St. Louis teamCardinals
43%
1984This NFL team relocates from Baltimore to IndianapolisColts
43%
1967This team wins the first ever Super BowlGreen Bay Packers
43%
1939This baltic state wins the EuroBasket 1939Lithuania
43%
1993This Canadian hockey team wins its 24th Stanley Cup (most of all NHL teams)Montreal Canadiens
43%
2017The Atlanta Falcons blow the biggest lead in Super Bowl history against this teamNew England Patriots
43%
1987Coventry City beat this team north London team in the FA Cup FinalTottenham Hotspur
43%
1962The only person to ever record a 100 point game in NBA historyWilt Chamberlain
43%
1907The longest automobile race in history started in this east asian city. The finish line awaited the pilots in Paris, 14,994 kilometers from the startBeijing
40%
2011The first european player to win NBA MVPDirk Nowitzki
40%
1989This NBA great, known for his unstoppable Skyhook, retiresKareem Abdul-Jabar
40%
2004This Formula 1 driver wins his 7th (5th in a row) titleMichael Schumacher
40%
1999This skater sticks worlds first "900" at the X Games in San FranciscoTony Hawk
40%
1938André Lagache, winner of the first edition of this french endurance sports car race, dies24 Hours of Le Mans
37%
1985This german athlete becomes youngest ever winner of a gentlemen's singles Wimbledon Championships titleBoris Becker
37%
1953_____ _____ and Tenzing Norgay become the first people to reach the peak of Mount EverestEdmund Hillary
37%
1968The Fosbury Flop revolutionizes this sportHigh Jumping
37%
1964The Olympic Games in Tokyo see the first competition in this japanese sportJudo
37%
1931Golfer Billy Burke wins this major championshipU.S. Open
37%
1951This NBA exhibition game is first played.All-Star Game
34%
2002Pat Tilman turns down a $3 million contract to join the ____Army
34%
1988This man becomes the first British ski jumper at the OlympicsEddie the Eagle
34%
1945Just 9 days after the end of WW2, this german football player nicknamed "Der Kaiser" is bornFranz Beckenbauer
34%
19716 Rangers fans die and over 200 are injured at Ibrox Stadium in this cityGlasgow
34%
1935This award, given to the best college football player is createdHeisman Trophy
34%
1955A "Silver Arrow" of this manufacturer explodes at the 24 Hours of Le Mans, killing 84 peopleMercedes
34%
1916This south american football confederation was foundedCONMEBOL
31%
1902John Arthur Jarvis wins the meeting in Vienna as the first swimmer to use this techniquecrawl
31%
2023Michael Smith beats Michael van Gerwen to win his first World Championship in this sportDarts
31%
1981In the 70th edition of this Tennis tournament the USA beats ArgentinaDavis Cup
31%
1963This Russian chess grandmaster is bornGarri Kasparov
31%
1952Fausto Coppi wins the Tour the France and this other competitionGiro d'italia
31%
1932The Olympic Winter Games were held in this town in upstate New YorkLake Placid
31%
1957This legendary football stadium opens as "City Stadium" in Green Bay, WisconsinLambeau Field
31%
2001This Ravens LB wins Super Bowl MVPRay Lewis
31%
1982Steve Davis achieved the first recognised maximum break in professional competition, which was also the first in a televised match. What sport is described here?Snooker
31%
1928This stadium, home to the French Open, is built in ParisStade Roland Garros
31%
1912Electronic _____ and the photo finish are first used at the Stockholm Olympics.timing
31%
1958This chess player wins the US Championships at the age of 14Bobby Fisher
29%
1901Royal Albert Hall in London hosts the first of these muscle-centered eventsBodybuilding
29%
1940In the biggest win and highest score in NFL history the _____ ____ defeat Washington 73-0 in the championship gameChicago Bears
29%
1919This teamsport, mainly popular in Europe, is invented by a german teacherHandball
29%
1926India, ___ ______ and West Indies are elected as Full Members of the Imperial Cricket Conference.New Zealand
29%
1941The german football league is won by this non german team for the only time in historySK Rapid Wien
29%
1977This NFL team wins for the first time after loosing 26 straighTampa Bay Buccaneers
29%
1924The first Winter Olympics are held in this french townChamonix
26%
1937American Football: The first _____ Bowl Classic is played in Dallas.Cotton
26%
1942Portuguese footballer Eusébio is born in this modern day countryMozambique
26%
1961The Civic Arena in Pittsburgh becomes the first stadium with this featureRetractable roof
26%
1994Ayrton Senna dies in a tragic accident in this italian cityImola
23%
1915Because of the war, the olympic comittee leaves Paris to settle in this cityLausanne
20%
1948This Swiss town hosts the Winter GamesSt. Moritz
20%
2006This golfer known as "The Great Fijian" is elected to the World Golf Hall of FameVijay Singh
20%
1947The Philadelphia _______ become the first NBA champions (even though the NBA was only founded in 1949)Warriors
20%
1927The first ____ Olympiad takes place in London. International competition between "White and Black"Chess
17%
1998This nation beats Canada to become the first Olympic champion in curlingSwitzerland
17%
1929This italian swimmer and actor is born as Carlo PedersoliBud Spencer
14%
1950This Italian man becomes the first Formula 1 championGiuseppe Farina
14%
1920The Prix de l’Arc de Triomphe is awarded for the first time in this sportHorse racing
14%
2007This Washington Redskins safety is killed at his house in MiamiSean Taylor
14%
1921This boxer meets Georges Carpentier in the "Battle of the Century"Jack Dempsey
11%
1965This paddle sport is invented in Bainbridge Island, WashingtonPickleball
6%
1990Titouan Lamazou becomes the first ever champion of this single-handed (solo) non-stop round the world yacht race.Vendée Globe
6%

Score Distribution

Percentile by Number Answered

Percent of People with Each Score

Your Score History

You have not taken this quiz